000 00427 a2200145 4500
999 _c4261
_d4261
020 _a8177583786
050 _aQA 76.76 ROY 1998
100 _aRoyce, Walker
_eauthor
245 _aSoftware project management:
_bA united framework
_cWalker Royce
264 _aNew Delhi:
_bPearson Education,
_c1998
300 _axxvii, 406p. :
_bill.
500 _aIncludes index
650 _a Computer software
942 _2lcc
_cBK
_h76.76
_iROY
_kQA